¿Transhumanismo o posthumanidad?

Detalles Bibliográficos
Autor principal: Ayuso, Miguel
Formato: eBook
Lenguaje:español
Publicado: Madrid: Marcial Pons, 2019
Materias:
Acceso en línea:Acceso restringido

MARC

LEADER 00000nam a22000007a 4500
005 20200603232715.0
007 cr|||| ||||
008 200603s2019 es |||||s|||| 00||0 spa d
020 |a 978-84-9123-800-3 
035 |a 31304 
040 |a vLex 
090 |c 10522  |d 10522 
100 1 |a Ayuso, Miguel 
245 1 0 |a ¿Transhumanismo o posthumanidad?  |h [Recurso electrn̤ico] /  |c Miguel Ayuso 
256 |a Servicio en ln̕ea 
260 |a Madrid:  |b Marcial Pons,  |c 2019 
300 |a 1 recurso electrn̤ico 
506 1 |a Disponible solo en los productos indicados  |d vLex Global  |d vLex Global (Academic Edition, excluding Law Schools)  |d vLex Global (U.S. Academic Edition, Law Schools)  |d vLex Global (U.S. Academic Edition, excluding Law Schools)  |d vLex Global (Academic Edition, Law Schools) 
650 0 4 |a Derecho Civil  |z Esą̀ 
740 0 |a vLex Libros (Servicio en ln̕ea) 
856 4 0 |u http://vlex.com/source/transhumanismo-posthumanidad-31304  |z Acceso restringido 
942 |c BOOK 
999 0 |a Civil Law